000
00282nam a22001337a 4500
008
170505b xxu||||| |||| 00| 0 eng d
020
_a
9781587785030
041
_a
eng
080
_a
34
100
_a
15
101
_a
SHJ
245
_a
TORTS STORIES
_c
RABIN, R.L
942
_2
udc
_c
BK
999
_c
12818
_d
12818